| 000 | 00468nam a2200181Ia 4500 | ||
|---|---|---|---|
| 001 | 9518 | ||
| 005 | 20260306161724.0 | ||
| 008 | 260306t1993||||xx |||||||||||||| ||spa|| | ||
| 041 | _aESP | ||
| 082 |
_a379.85 _bT78L |
||
| 100 |
_aThrahtemberg S., León _eAUT |
||
| 245 | 0 |
_aEducación peruana: _bentre la economía, la política y la educación |
|
| 260 | _c1993 | ||
| 300 |
_a314 páginas : _c28 cm. |
||
| 650 | _aGEN | ||
| 654 | _aCED | ||
| 942 |
_cLIB _dJUS _fJUS _2ddc _n |
||
| 999 |
_c9518 _d9518 |
||